Between Hope and History Meeting America's Challenges for the 21st Century (Record no. 565289)

000 -LEADER
fixed length control field 00375nam a2200121Ia 4500
008 - FIXED-LENGTH DATA ELEMENTS--GENERAL INFORMATION
fixed length control field 210430s9999 xx 000 0 und d
020 ## - INTERNATIONAL STANDARD BOOK NUMBER
International Standard Book Number 0-8129-2913-6
082 ## - DEWEY DECIMAL CLASSIFICATION NUMBER
Classification number 973.929 C636B
100 ## - MAIN ENTRY--PERSONAL NAME
Personal name President Bill Clinton
9 (RLIN) 54649
245 ## - TITLE STATEMENT
Title Between Hope and History Meeting America's Challenges for the 21st Century
Statement of responsibility, etc. President Bill Clinton
300 ## - PHYSICAL DESCRIPTION
Extent 178
942 ## - ADDED ENTRY ELEMENTS (KOHA)
Koha item type Book
Source of classification or shelving scheme
Holdings
Withdrawn status Lost status Damaged status Not for loan Collection code Permanent Location Current Location Shelving location Date acquired Total Checkouts Full call number Barcode Date last seen Price effective from Koha item type
          School of Chemical & Materials Engineering (SCME) School of Chemical & Materials Engineering (SCME) General Stacks 01/15/4   973.929 C636B SCME-4579 04/30/2021 04/30/2021 Book
© 2023 Central Library, National University of Sciences and Technology. All Rights Reserved.